| 000 | 00817nam a2200217 a 4500 | ||
|---|---|---|---|
| 003 | 0 | ||
| 005 | 20250219092315.0 | ||
| 008 | 110617s19uu xx 00 eng d | ||
| 050 |
_aPHS GV 546 _b.L34 2011 |
||
| 100 | _aLatip, Omar Jr. | ||
| 245 |
_aBody building and self-confidence of SISC male fourth year high school students / _cOmar Jr. Latip. |
||
| 260 |
_aLas PiƱas City, Philippines : _bSouthville International School and Colleges, _c2011. |
||
| 300 |
_a22 pages : _billustrations ; _c28 cm. |
||
| 504 | _aIncludes bibliographical references. | ||
| 650 |
_aBodybuilding _xPsychological aspects. |
||
| 650 | _aSelf-confidence in adolescence. | ||
| 650 |
_aPhysical fitness _xSocial aspects. |
||
| 650 |
_aExercise _xPsychological effects. |
||
| 650 |
_aHigh school students _xAttitudes. |
||
| 942 |
_2lcc _cPASS |
||
| 999 |
_c98504 _d98504 |
||